Major Bodies of Water - Statistics

General Stats
  • This quiz has been taken 137 times
  • The average score is 16 of 31
Answer Stats
Answer % Correct
Pacific Ocean
100%
Atlantic Ocean
99%
Indian Ocean
97%
Arctic Ocean
94%
Nile River
79%
Amazon River
73%
Southern Ocean
73%
Black Sea
67%
Mediterranean Sea
67%
Caspian Sea
66%
Red Sea
66%
Gulf of Mexico
63%
Mississippi River
61%
Caribbean Sea
51%
Arabian Sea
50%
South China Sea
50%
Yellow River
48%
Lake Superior
45%
Persian Gulf
45%
Missouri River
38%
Bay of Bengal
34%
Congo River
34%
Lake Victoria
30%
Bering Sea
29%
Hudson Bay
29%
Mekong River
27%
Tasman Sea
18%
Tigris River
18%
Euphrates River
17%
Great Bear Lake
11%
Yangste River
1%
No matching quizzes found
Score Distribution
Percent of People with Each Score
Percentile by Number Answered
Your Score History
You have not taken this quiz